Calculus of variations with Applications (Record no. 90636)

MARC details
000 -LEADER
fixed length control field 00371nam a2200145Ia 4500
008 - FIXED-LENGTH DATA ELEMENTS--GENERAL INFORMATION
fixed length control field 230917s9999||||xx |||||||||||||| ||und||
040 ## - CATALOGING SOURCE
-- 149852
Original cataloging agency VIVEKANANDA LIBRARY
041 ## - Language
-- English
082 ## - DDC NUMBER
Classification number 515.64 G959C
100 ## - MAIN ENTRY--PERSONAL NAME
Personal name Gupta A S
245 #0 - TITLE STATEMENT
Title Calculus of variations with Applications
260 ## - PUBLICATION, DISTRIBUTION, ETC. (IMPRINT)
Place of publication, distribution, etc New Delhi
Name of publisher, distributor, etc Prentice Hall of India
Date of publication, distribution, etc 1999
300 ## - PHYSICAL DESCRIPTION
Pages 242 p.
942 ## - ADDED ENTRY ELEMENTS (KOHA)
Koha item type Books
Holdings
Withdrawn status Lost status Damaged status Not for loan Location (home branch) Sublocation or collection (holding branch) Date acquired Koha issues (times borrowed) Koha full call number Accession No. Koha date last seen Koha item type
        VIVEKANANDA LIBRARY VIVEKANANDA LIBRARY 31/03/2010   515.64 G959C 171443 17/09/2023 Books
        VIVEKANANDA LIBRARY VIVEKANANDA LIBRARY 31/03/2010   515.64 G959C 183717 17/09/2023 Books
        VIVEKANANDA LIBRARY VIVEKANANDA LIBRARY 31/03/2010   515.64 G959C 201872 17/09/2023 Books
        VIVEKANANDA LIBRARY VIVEKANANDA LIBRARY 31/03/2010   515.64 G959C 201873 17/09/2023 Books
        VIVEKANANDA LIBRARY VIVEKANANDA LIBRARY 31/03/2010   515.64 G959C 201874 17/09/2023 Books
        VIVEKANANDA LIBRARY VIVEKANANDA LIBRARY 31/03/2010   515.64 G959C 201875 17/09/2023 Books
        VIVEKANANDA LIBRARY VIVEKANANDA LIBRARY 31/03/2010   515.64 G959C 201876 17/09/2023 Books
© Designed and Maintained by Vivekananda Library, MDU Rohtak